000 00721nam a2200241 a 4500
001 16565
003 BD-RjUL
005 20211209000026.0
008 140213s1963 enka b 001 0 eng d
035 _a(BD-RjUL)16620
040 _aAAIS
_beng
_cAAIS
_dBD-RjUL
041 _aeng
082 0 0 _a797.2
_bFOM 1963
100 1 _aForsberg, Gerald.
_951193
245 1 0 _aModern long distance swimming /
_cby Gerald Forsberg ; with a foreword by F.W. Hogarth.
260 _aLondon :
_bRoutledge & Kegan Paul,
_cc1963.
300 _axvi, 230 p. :
_bill. ;
_c23 cm.
500 _aIncludes index.
504 _aBibliography: p. 225-226.
650 0 _aLong distance swimming.
_951194
942 _2ddc
_cBK
999 _c16565
_d16565